000 01626nam a2200265 a 4500
001 84211
003 BD-RjUL
005 20241103112939.0
008 241103s2019 bg a|||| m||| 00| 0 ben d
035 _a(BD-RjUL)84211
040 _aBD-RjUL
_bben / eng
_cBD-RjUL
_dBD-RjUL
041 _aben
082 _223
_a923.2095492
_bALB 2019
100 _aআলী, মো. হজরত
_914042
245 1 0 _aব্রিটিশ আমলে পূর্ব-বাংলায় স্থাপিত শিল্প-কারখানা :
_bআর্থ-সামাজিক ও ঐতিহাসিক পর্যালোচনা /
_cগবেষক : মো. হজরত আলী ;
_6তত্ত্বাবধায়ক : মো. আজিজুল হক
246 _aMills and Industries Established in Eastern Bengal Under the Britih Regime :
_bSocio-Economic and Historical Overview /
260 _aরাজশাহী :
_bইসলামের ইতিহাস ও সংস্কৃতি বিভাগ,
_c২০১৯
300 _ax, ২২৮ পাতা :
_bচিত্র ;
_c২৯ সেমি.
502 _aথিসিস (পিএইচ. ডি.) -- ইসলামের ইতিহাস ও সংস্কৃতি বিভাগ, ২০১৯
504 _aগ্রন্থপঞ্জি : [২১৩]-২২৮
650 _aশিল্প-কারখানা
_vবাংলার অধীনে
_914043
650 _aIndustries:
_vBengal Under
_914044
700 _aহক, মো. আজিজুল, তত্ত্বাবধায়ক
_914045
942 _2ddc
_cTHE
999 _c84211
_d84211